La Intolerancia hacia la prensa
Պահպանված է:
| Ձևաչափ: | Տեքստ |
|---|---|
| Խորագրեր: | |
| Ցուցիչներ: |
Ավելացրեք ցուցիչ
Չկան պիտակներ, Եղեք առաջինը, ով նշում է այս գրառումը!
|
MARC
| LEADER | 00000 a a2200000 04500 | ||
|---|---|---|---|
| 001 | 6563 | ||
| 003 | |||
| 040 | |||
| 245 | |a La Intolerancia hacia la prensa | ||
| 650 | |a PERIODISTAS | ||
| 650 | |a POLICIA | ||
| 650 | |a AGRESION | ||
| 773 | |g volumen 22, número 989; páginas 7-10 | ||
| 999 | |c 25747 |d 25747 | ||
